| 000 | 00402nam a2200157Ia 4500 | ||
|---|---|---|---|
| 008 | 221030s9999 xx 000 0 und d | ||
| 020 | _a8120317963 | ||
| 041 | _aEnglish | ||
| 082 |
_a105.23 _bHal |
||
| 100 | _aM. Halvorson | ||
| 245 | 0 |
_aMicrosoft Visual Basic 6.0 Professional Step By Step _cby M. Halvorson |
|
| 260 |
_bPHI _aNew Delhi _c2003 |
||
| 300 | _a632 | ||
| 650 | _aComputers | ||
| 942 | _cBK | ||
| 999 |
_c1965 _d1965 |
||